| 000 | 00947nam2a22002651 4500 | ||
|---|---|---|---|
| 001 | v19\rc\1911726 | ||
| 005 | 20251118180512.2 | ||
| 035 | _a(NLR Aleph) 004990330 | ||
| 090 |
_a6279184 _c6279184 |
||
| 100 | _a20080404d1911 u y0rusy50 ca | ||
| 101 | 1 |
_arus _ceng |
|
| 102 | _aRU | ||
| 105 | _ay z ||||| | ||
| 200 | 0 |
_a[Т. 1] _fПер. Я. Данилина |
|
| 215 | _a228 с. | ||
| 225 | 1 |
_a... _v№ 5 |
|
| 461 | 0 |
_1001v19\rc\1911725 _12001#$a... Рассказы$eТ. [1]-[2]$fМарк Твэн$v[Т. 1] _1700#1$3RU\NLR\AUTH\77201$7ca$aТвен$bМ.$f1835-1910$gМарк _95959981 _aТвен, М. (1835-1910) _cМосква _d1911 _fМарк Твэн _nЗаря _oТ. [1]-[2] _p2 т. _tРассказы _v[Т. 1] |
|
| 702 | 1 |
_aДанилин _bЯ. _4730 |
|
| 801 | 0 |
_aRU _bNLR _gpsbo |
|
| 801 | 0 |
_aRU _bRuMoRGB _2psbo |
|
| 801 | 1 |
_aRU _bProSoft-M _2rusmarc |
|
| 852 |
_aNLR _j38.77.5.86(№ 5) |
||
| 899 |
_aRuMoRGB _jU 69/266 |
||
| 942 | _cBOOK | ||
| 980 | _aNB | ||